Délmagyarország. - 1985. november 2., Szombat
Elmentve itt :
| Dokumentumtípus: | Újság |
|---|---|
| Megjelent: |
1985-11-02
|
| Sorozat: | Délmagyarország
75 No. 258 |
| Online Access: | http://dmarchiv.bibl.u-szeged.hu/22788 |
| LEADER | 00489nas a2200145 i 4500 | ||
|---|---|---|---|
| 001 | delm22788 | ||
| 005 | 20200415081939.0 | ||
| 008 | 171218s1985 hu n o 0|| hun d | ||
| 022 | |a 0133-025X | ||
| 040 | |a SZTE Délmagyarország Archívum |b hun | ||
| 041 | |a hun | ||
| 245 | 0 | 0 | |a Délmagyarország. - 1985. november 2., Szombat |h [elektronikus dokumentum] |
| 260 | |c 1985-11-02 | ||
| 490 | 0 | |a Délmagyarország |v 75 No. 258 | |
| 856 | 4 | 0 | |u http://dmarchiv.bibl.u-szeged.hu/22788/1/dm_1985_258.pdf |z Dokumentum-elérés |